A multilingual nation translation and language dynamic in india / (Record no. 151583)

MARC details
000 -LEADER
fixed length control field 00616nam a22001937a 4500
005 - DATE AND TIME OF LATEST TRANSACTION
control field 20180419164330.0
010 ## - LCCN (DPL NO)
LC control number ENG-122647
020 ## - INTERNATIONAL STANDARD BOOK NUMBER
Terms of availability 1495.00
International Standard Book Number 9780199478774
035 ## - SYSTEM CONTROL NUMBER
System control number EN-106179
037 ## - SOURCE OF ACQUISITION
Source of stock number/acquisition DBAD/PUB
082 ## - DEWEY DECIMAL CLASSIFICATION NUMBER
Classification number 400.954
245 ## - TITLE STATEMENT
Title A multilingual nation translation and language dynamic in india /
Statement of responsibility, etc ed.by Rita Kothari
260 ## - PUBLICATION, DISTRIBUTION, ETC. (IMPRINT)
Date of publication, distribution, etc 2018
Place of publication, distribution, etc New Delhi
Name of publisher, distributor, etc Oxford University Press
270 ## - ADDRESS
Address 2/1 Ground Floor,Ansari Road Daryaganj,
City New Delhi
Postal code 110002
300 ## - PHYSICAL DESCRIPTION
Dimensions 22cm(Hb)
Extent 365P.
500 ## - GENERAL NOTE
General note It includes index
700 ## - ADDED ENTRY--PERSONAL NAME
Personal name Kothari,Rita
942 ## - ADDED ENTRY ELEMENTS (KOHA)
Item type English Books
Source of classification or shelving scheme Dewey Decimal Classification
Call number suffix AML
Classification part 954.085
Holdings
Withdrawn status Lost status Not for loan Collection code Home library Current library Date acquired Source of acquisition Cost, normal purchase price Full call number Barcode Copy number Cost, replacement price Koha item type
    Not For Loan Non-fiction D.B.Act.Division Sarojini Nagar 19/04/2018 DBAD/PUB 1495.00 954.085 AML EN-106179 1 1495.00 English Books

© Delhi Public Library
Hit Counter
free hit counter